[Event "XIII Weekend A"]
[Site "Ivrea ITA"]
[Date "2008.03.16"]
[Round "4"]
[White "Di Chiara, Mauro"]
[Black "Favoni, Matteo"]
[Result "0-1"]
[WhiteElo "1812"]
[BlackElo "1900"]
[PlyCount "50"]
[EventDate "2008.03.14"]

1. d4 Nf6 2. g3 g6 3. Bg2 Bg7 4. e4 d6 5. Ne2 Nbd7 6. O-O O-O 7. f4 e5 8. c3
Qe7 9. Qd3 Re8 10. Nd2 c5 11. dxe5 dxe5 12. f5 Nf8 13. fxg6 hxg6 14. a4 Rd8 15.
Qc2 c4 16. h3 Qc5+ 17. Kh2 Be6 18. b3 cxb3 19. Nxb3 Qc4 20. Na5 Qa6 21. Ba3
Rdc8 22. Rfb1 Qxa5 23. Rb5 Qa6 24. Rd1 Bc4 25. Rd6 Rc6 0-1

[Event "XIII Weekend A"]
[Site "Ivrea ITA"]
[Date "2008.03.16"]
[Round "4"]
[White "Giachino, Adriano"]
[Black "Raviola, Piergiorgio"]
[Result "1-0"]
[WhiteElo "1535"]
[BlackElo "1508"]
[PlyCount "77"]
[EventDate "2008.03.14"]

1. e4 e5 2. Bc4 Nf6 3. d4 exd4 4. Nf3 Nc6 5. Nxd4 Ne5 6. Bb3 c6 7. Nc3 Bb4 8.
Bg5 h6 9. Bf4 d6 10. Qd2 Nxe4 11. Qe3 Nxc3 12. bxc3 Bc5 13. O-O-O O-O 14. h3
Qf6 15. g4 g5 16. Bg3 Re8 17. Rdf1 Bd7 18. f4 Ng6 19. Qd2 d5 20. Kb1 Bd6 21.
fxg5 Qe7 22. Bxd6 Qxd6 23. gxh6 Ne5 24. Qf4 Qg6 25. Nf5 Re6 26. h4 Kh8 27. g5
Rae8 28. Ng7 R6e7 29. h5 Qh7 30. Qb4 c5 31. Qxc5 Nc6 32. Bxd5 Re5 33. Rxf7 Be6
34. Rf8+ Rxf8 35. Qxf8+ Qg8 36. Qf6 Rxd5 37. Nxe6+ Kh7 38. g6+ Kxh6 39. g7+ 1-0

[Event "XIII Weekend A"]
[Site "Ivrea ITA"]
[Date "2008.03.16"]
[Round "4"]
[White "Giunto, Andrea"]
[Black "Caresana, Alessandro"]
[Result "0-1"]
[WhiteElo "1554"]
[BlackElo "2056"]
[PlyCount "110"]
[EventDate "2008.03.14"]

1. e4 g6 2. d4 Bg7 3. Nf3 c6 4. Nc3 d5 5. Bf4 dxe4 6. Nxe4 Bg4 7. c3 Qd5 8. Bd3
Nd7 9. O-O Ngf6 10. Re1 O-O 11. h3 Bxf3 12. Qxf3 Nh5 13. Bg5 f6 14. Bh4 e5 15.
Nd2 Qxf3 16. Nxf3 g5 17. Bxg5 fxg5 18. Nxg5 Nf4 19. Bxh7+ Kh8 20. g3 Nxh3+ 21.
Nxh3 Kxh7 22. Ng5+ Kg6 23. Ne6 Rf5 24. g4 Rf7 25. Nxg7 Rxg7 26. dxe5 Kg5 27.
Re4 Re8 28. Rae1 Nc5 29. Rd4 Ne6 30. Rde4 Rf7 31. R1e3 Ref8 32. Re2 Rf4 33. Kg2
Kxg4 34. R2e3 Rxe4 35. Rxe4+ Nf4+ 36. Kf1 Kf5 37. f3 Rh8 38. Kg1 Rg8+ 39. Kf1
Rg3 40. Re3 Nd5 41. Rd3 Kxe5 42. Kf2 Rh3 43. c4 Rh2+ 44. Kg3 Rg2+ 45. Kxg2 Nf4+
46. Kg3 Nxd3 47. b3 a5 48. a3 c5 49. Kg4 Kd4 50. f4 Kc3 51. f5 Ne5+ 52. Kf4 Nd7
53. Ke4 Kxb3 54. Kd3 a4 55. Ke4 Kxc4 0-1

[Event "XIII Weekend A"]
[Site "Ivrea ITA"]
[Date "2008.03.16"]
[Round "4"]
[White "Marguerettaz, Davy"]
[Black "Sorcinelli, Francesco"]
[Result "0-1"]
[WhiteElo "1978"]
[BlackElo "2119"]
[PlyCount "76"]
[EventDate "2008.03.14"]

1. d4 Nf6 2. c4 g6 3. Nc3 Bg7 4. e4 d6 5. f3 O-O 6. Bg5 h6 7. Be3 c5 8. Nge2
Nc6 9. Qd2 cxd4 10. Nxd4 Nxd4 11. Bxd4 Be6 12. Be2 Qa5 13. O-O Rfc8 14. b3 a6
15. Rfd1 Rab8 16. Kh1 b5 17. cxb5 axb5 18. Bxf6 Bxf6 19. Nd5 Qxd2 20. Nxf6+ Kg7
21. Nh5+ gxh5 22. Rxd2 b4 23. f4 Ra8 24. Kg1 Rc3 25. Rd4 Rxb3 26. f5 Rb2 27.
fxe6 Rxe2 28. Rxb4 Rc8 29. a4 Rcc2 30. a5 Rxg2+ 31. Kh1 Rxh2+ 32. Kg1 Rcg2+ 33.
Kf1 Ra2 34. Rxa2 Rxa2 35. Rb5 fxe6 36. Rxh5 e5 37. Rh3 Rxa5 38. Ke2 Ra2+ 0-1

[Event "XIII Weekend A"]
[Site "Ivrea ITA"]
[Date "2008.03.16"]
[Round "4"]
[White "Mazzeschi, Marco"]
[Black "Razzano, Lorenzo"]
[Result "0-1"]
[WhiteElo "1552"]
[BlackElo "1895"]
[PlyCount "34"]
[EventDate "2008.03.14"]

1. e4 e5 2. Nf3 Nc6 3. Bb5 a6 4. Bxc6 dxc6 5. O-O Bg4 6. h3 h5 7. d3 Qf6 8.
Nbd2 Ne7 9. Re1 Ng6 10. d4 Nf4 11. hxg4 hxg4 12. Nh2 Nxg2 13. Kxg2 Rxh2+ 14.
Kxh2 Qxf2+ 15. Kh1 g3 16. Qe2 g2+ 17. Kh2 g1=Q+ 0-1

[Event "XIII Weekend A"]
[Site "Ivrea ITA"]
[Date "2008.03.16"]
[Round "4"]
[White "Menniti, Domenico"]
[Black "Bisi, Samuele"]
[Result "1/2-1/2"]
[WhiteElo "1515"]
[BlackElo "1530"]
[PlyCount "83"]
[EventDate "2008.03.14"]

1. c4 e5 2. Nc3 Nf6 3. d3 d5 4. cxd5 Nxd5 5. g3 Be6 6. Bg2 Nc6 7. Nf3 Qd7 8.
Ng5 Nxc3 9. bxc3 Bd5 10. e4 Be6 11. Nxe6 Qxe6 12. O-O Bd6 13. a4 O-O 14. Be3
Rad8 15. d4 Ne7 16. d5 Qd7 17. Bxa7 b6 18. a5 Bc5 19. Qb3 Nc8 20. axb6 cxb6 21.
Qa2 Qb7 22. Qa6 Rd7 23. Bh3 Qxa6 24. Rxa6 f5 25. Rfa1 Rxa7 26. Rxa7 Nxa7 27.
Rxa7 fxe4 28. Be6+ Kh8 29. Rf7 Rxf7 30. Bxf7 g6 31. Kg2 Kg7 32. Be6 Kf6 33. c4
g5 34. g4 h6 35. Bf5 e3 36. fxe3 Bxe3 37. d6 Bf4 38. d7 Ke7 39. h3 e4 40. Kf2
e3+ 41. Kf3 Kd8 42. Ke2 1/2-1/2

[Event "XIII Weekend A"]
[Site "Ivrea ITA"]
[Date "2008.03.16"]
[Round "4"]
[White "Ranieri, Fabrizio"]
[Black "Castaldo, Folco"]
[Result "1/2-1/2"]
[WhiteElo "2238"]
[BlackElo "2349"]
[PlyCount "34"]
[EventDate "2008.03.14"]

1. e4 e5 2. Bc4 Nc6 3. Nf3 Bc5 4. c3 Nf6 5. d4 exd4 6. cxd4 Bb4+ 7. Bd2 Bxd2+
8. Nbxd2 d5 9. exd5 Nxd5 10. O-O O-O 11. a3 Bg4 12. Qc2 Nb6 13. Bd3 h6 14. Be4
Nxd4 15. Nxd4 Qxd4 16. Bxb7 Rad8 17. Nf3 Qf4 1/2-1/2

[Event "XIII Weekend A"]
[Site "Ivrea ITA"]
[Date "2008.03.16"]
[Round "4"]
[White "Santia', Andrea"]
[Black "Costabloz, Giammarco"]
[Result "0-1"]
[WhiteElo "1467"]
[BlackElo "1625"]
[PlyCount "48"]
[EventDate "2008.03.14"]

1. d4 Nf6 2. Nc3 d5 3. Nf3 Bg4 4. Ne5 Bf5 5. Bf4 a6 6. e3 e6 7. Be2 Nbd7 8. Ng4
Bxg4 9. Bxg4 Nxg4 10. Qxg4 Nf6 11. Qh4 Be7 12. f3 Ne4 13. Qg4 Nxc3 14. bxc3 O-O
15. Be5 Bf6 16. O-O Bxe5 17. dxe5 c5 18. Rfd1 Qa5 19. c4 dxc4 20. Qxc4 Rfd8 21.
Rab1 h6 22. Rxd8+ Rxd8 23. Rxb7 Rd1+ 24. Kf2 Qe1# 0-1

[Event "XIII Weekend A"]
[Site "Ivrea ITA"]
[Date "2008.03.16"]
[Round "4"]
[White "Zannoni, Gianni"]
[Black "Scarrone, Alberto"]
[Result "1-0"]
[WhiteElo "1874"]
[BlackElo "1784"]
[PlyCount "69"]
[EventDate "2008.03.14"]

1. Nf3 Nf6 2. g3 d5 3. Bg2 c5 4. O-O Nc6 5. d3 e6 6. Nbd2 Bd6 7. Re1 O-O 8. e4
dxe4 9. dxe4 e5 10. c3 Bg4 11. Qc2 b5 12. Nf1 Qe7 13. Bg5 h6 14. Bxf6 Qxf6 15.
Rad1 Rfd8 16. Qe2 b4 17. Ne3 Bh5 18. Nd5 Qe6 19. Qf1 bxc3 20. bxc3 Rab8 21. Rb1
f5 22. Nh4 fxe4 23. Bxe4 Ne7 24. Qd3 Bf7 25. c4 Nc6 26. Nf5 Nd4 27. Nxd4 cxd4
28. f4 Re8 29. Bf5 e4 30. Rxe4 Rxb1+ 31. Qxb1 Bg6 32. Bxe6+ Rxe6 33. Rxe6 Bxb1
34. Rxd6 Bxa2 35. c5 1-0

[Event "XIII Weekend A"]
[Site "Ivrea ITA"]
[Date "2008.03.16"]
[Round "4"]
[White "Zunino, Davide"]
[Black "Termini, Luigi Robert"]
[Result "1-0"]
[WhiteElo "1969"]
[BlackElo "1459"]
[PlyCount "23"]
[EventDate "2008.03.14"]

1. d4 d5 2. Nc3 e6 3. e4 Ne7 4. Nf3 Nbc6 5. e5 Ng6 6. Bd3 Be7 7. a3 O-O 8. h4
Bxh4 9. Nxh4 Nxh4 10. Bxh7+ Kh8 11. Qh5 g5 12. Bg6+ 1-0

[Event "XIII Weekend A"]
[Site "Ivrea ITA"]
[Date "2008.03.16"]
[Round "5"]
[White "Caresana, Alessandro"]
[Black "Favoni, Matteo"]
[Result "1-0"]
[WhiteElo "2056"]
[BlackElo "1900"]
[PlyCount "47"]
[EventDate "2008.03.14"]

1. d4 Nf6 2. c4 g6 3. Nc3 d5 4. cxd5 Nxd5 5. e4 Nxc3 6. bxc3 Bg7 7. Bc4 c5 8.
Be3 Nc6 9. Ne2 O-O 10. Rc1 cxd4 11. cxd4 Qa5+ 12. Kf1 Qa3 13. Rc3 Qb4 14. a3
Qd6 15. h4 Rd8 16. h5 Ne5 17. hxg6 hxg6 18. Bf4 Qf6 19. Bxe5 Qxe5 20. Qb3 Qxe4
21. Bxf7+ Kf8 22. Rf3 Bf5 23. Bxg6 e6 24. Rxf5+ 1-0

[Event "XIII Weekend A"]
[Site "Ivrea ITA"]
[Date "2008.03.16"]
[Round "5"]
[White "Castaldo, Antonio"]
[Black "Bisi, Samuele"]
[Result "1-0"]
[WhiteElo "1523"]
[BlackElo "1530"]
[PlyCount "173"]
[EventDate "2008.03.14"]

1. Nf3 d5 2. g3 Nc6 3. Bg2 e5 4. d3 Bc5 5. O-O Nge7 6. Nxe5 Nxe5 7. d4 Bxd4 8.
Qxd4 f6 9. Bf4 N5g6 10. Rd1 Nxf4 11. Qxf4 O-O 12. Nc3 c6 13. e3 Qb6 14. b3 Bf5
15. e4 dxe4 16. Nxe4 Bg6 17. Nd6 Bxc2 18. Qc4+ Kh8 19. Qxc2 Rad8 20. Rd2 Ng6
21. Qc4 Rd7 22. Nc8 Qd8 23. Rxd7 Qxd7 24. Nxa7 Ne5 25. Qc5 Ra8 26. Bf1 b6 27.
Qxb6 Qxa7 28. Qxa7 Rxa7 29. a4 Kg8 30. Kg2 Kf8 31. Rc1 Ke7 32. f4 Ng4 33. Rxc6
Ne3+ 34. Kf2 Ng4+ 35. Kg1 Kd7 36. Bb5 Ke7 37. Bf1 Kd7 38. Rc3 f5 39. h3 Nf6 40.
Bg2 Nh5 41. Kf2 Rc7 42. Rxc7+ Kxc7 43. Bf3 Nf6 44. g4 fxg4 45. hxg4 Nd7 46. Ke3
Nc5 47. Bd5 Kd6 48. Kd4 Na6 49. f5 Nb4 50. Bg8 h6 51. Kc4 Nc6 52. b4 Ne5+ 53.
Kb5 Kc7 54. a5 Kb7 55. Bd5+ Ka7 56. a6 Nxg4 57. Bb7 Ne5 58. Kc5 Nd3+ 59. Kc4
Nb2+ 60. Kd5 Nd3 61. b5 h5 62. Ke6 Nc5+ 63. Ke5 h4 64. Bg2 Nd3+ 65. Ke4 h3 66.
Bf3 Ne1 67. Kf4 h2 68. Bb7 Nd3+ 69. Kg5 Ne5 70. Kh4 Nd3 71. Kg3 Nc5 72. Bh1 Kb6
73. Kxh2 Nxa6 74. bxa6 Kxa6 75. Bf3 Kb6 76. Bh5 Kc7 77. Kg3 Kd7 78. Kg4 Ke7 79.
Kg5 Kf8 80. Kg6 Kg8 81. Bf3 Kh8 82. Kf7 Kh7 83. Be4 Kh8 84. Kf8 g6 85. f6 g5
86. f7 g4 87. Ke7 1-0

[Event "XIII Weekend A"]
[Site "Ivrea ITA"]
[Date "2008.03.16"]
[Round "5"]
[White "Castaldo, Folco"]
[Black "Zannoni, Gianni"]
[Result "1-0"]
[WhiteElo "2349"]
[BlackElo "1874"]
[PlyCount "33"]
[EventDate "2008.03.14"]

1. d4 Nf6 2. c4 e6 3. Nc3 d5 4. Nf3 Nbd7 5. Bf4 c6 6. e3 Be7 7. h3 b6 8. Qa4
Bb7 9. cxd5 Nxd5 10. Nxd5 exd5 11. Bd3 Nf6 12. Ne5 b5 13. Bxb5 cxb5 14. Qxb5+
Nd7 15. Qxb7 Qa5+ 16. Ke2 Nb6 17. Qxe7+ 1-0

[Event "XIII Weekend A"]
[Site "Ivrea ITA"]
[Date "2008.03.16"]
[Round "5"]
[White "Costabloz, Giammarco"]
[Black "Menniti, Domenico"]
[Result "1-0"]
[WhiteElo "1625"]
[BlackElo "1515"]
[PlyCount "95"]
[EventDate "2008.03.14"]

1. e4 c5 2. Nf3 d6 3. d4 cxd4 4. Nxd4 Nc6 5. Nc3 a6 6. f4 g6 7. Be3 Bg7 8. Be2
Nf6 9. Qd2 O-O 10. h3 Re8 11. O-O-O Nd7 12. Bf3 Nc5 13. Nxc6 bxc6 14. Bxc5 Qa5
15. Bd4 Be6 16. Bxg7 Kxg7 17. b3 Rab8 18. Na4 Qc7 19. g4 Bd7 20. Qd4+ Kg8 21.
e5 d5 22. Nc5 Ra8 23. h4 e6 24. Rh2 a5 25. Nxd7 Qxd7 26. a4 Rab8 27. Qc5 Qc7
28. Rd4 Rb7 29. Bd1 Reb8 30. c3 Rf8 31. g5 Kg7 32. Rd3 Rbb8 33. h5 Rh8 34. hxg6
fxg6 35. Kb2 Rhf8 36. Rdh3 Rh8 37. Bg4 Qb7 38. Ka1 Qd7 39. Ka2 Qb7 40. c4 dxc4
41. Qxc4 Rbe8 42. Bxe6 Qe7 43. Bg4 c5 44. e6 Rd8 45. Qc3+ Kg8 46. Qf6 Re8 47.
Qxg6+ hxg6 48. Rxh8+ 1-0

[Event "XIII Weekend A"]
[Site "Ivrea ITA"]
[Date "2008.03.16"]
[Round "5"]
[White "Crepaldi, Marco"]
[Black "Blundo, Michele"]
[Result "1-0"]
[WhiteElo "1836"]
[BlackElo "1897"]
[PlyCount "55"]
[EventDate "2008.03.14"]

1. e4 c5 2. Nf3 d6 3. d4 cxd4 4. Nxd4 Nf6 5. Nc3 e6 6. f4 Be7 7. Be3 Bd7 8. Be2
Nc6 9. Ndb5 Qb8 10. Qd2 a6 11. Nd4 O-O 12. g4 e5 13. Nf5 Bxf5 14. gxf5 exf4 15.
Bxf4 Ne5 16. Rg1 g6 17. O-O-O b5 18. h4 Ra7 19. Qe3 Rc8 20. fxg6 fxg6 21. h5
Rac7 22. Bxe5 dxe5 23. Qh6 Bf8 24. Qg5 b4 25. hxg6 bxc3 26. gxh7+ Kh8 27. Qg8+
Nxg8 28. hxg8=Q# 1-0

[Event "XIII Weekend A"]
[Site "Ivrea ITA"]
[Date "2008.03.16"]
[Round "5"]
[White "Fortino, Fabrizio"]
[Black "Giachino, Adriano"]
[Result "1-0"]
[WhiteElo "2068"]
[BlackElo "1535"]
[PlyCount "37"]
[EventDate "2008.03.14"]

1. e4 c5 2. c3 e5 3. Nf3 Nc6 4. d4 cxd4 5. cxd4 exd4 6. Nxd4 Nf6 7. Nc3 Bc5 8.
Nf5 O-O 9. Be2 Re8 10. Ng3 b6 11. O-O Bb7 12. Bg5 Bd4 13. Nf5 Be5 14. f4 Bc7
15. Nd5 Rxe4 16. Bd3 Re6 17. Rf3 Bd6 18. Rg3 Ne7 19. Nxf6+ 1-0

[Event "XIII Weekend A"]
[Site "Ivrea ITA"]
[Date "2008.03.16"]
[Round "5"]
[White "Liviabella, Lucio"]
[Black "Paonessa, Denis"]
[Result "0-1"]
[WhiteElo "1475"]
[BlackElo "1960"]
[PlyCount "132"]
[EventDate "2008.03.14"]

1. e4 e5 2. Bc4 Nf6 3. Qe2 Nc6 4. Nf3 d6 5. h3 h6 6. Nc3 g6 7. a3 Bg7 8. O-O
O-O 9. d3 Qe7 10. Be3 Nh7 11. Qd2 g5 12. Nd5 Qd8 13. c3 Kh8 14. Nh2 f5 15. exf5
Bxf5 16. Rfe1 Ne7 17. Nf1 Nxd5 18. Bxd5 c6 19. Bf3 d5 20. d4 e4 21. Be2 Rf7 22.
Bh5 Rc7 23. Ng3 Bd7 24. f4 exf3 25. Bxf3 Nf8 26. Nh5 Ne6 27. Nxg7 Nxg7 28. g4
Qf6 29. Rf1 Qd6 30. Qg2 Rf8 31. Bf2 Ne6 32. Bg3 Nf4 33. Qh2 Qf6 34. h4 Kg7 35.
Rae1 Bc8 36. Bd1 Re7 37. Kh1 Be6 38. Rf2 Bg8 39. Ref1 Qe6 40. Bxf4 Qe4+ 41. Kg1
Rxf4 42. Bc2 Rxg4+ 43. Rg2 Qxg2+ 44. Qxg2 Rxg2+ 45. Kxg2 Re2+ 46. Rf2 Rxf2+ 47.
Kxf2 gxh4 48. Bf5 b6 49. b4 Kf6 50. Bd7 Be6 51. Bxc6 Kf5 52. Kf3 h3 53. Kg3 Ke4
54. Bb5 Ke3 55. Bf1 Kd2 56. b5 Kxc3 57. Be2 Kxd4 58. Kf4 Kc5 59. Kg3 d4 60. Bd3
Bc4 61. Bc2 d3 62. Bd1 Kd4 63. Kxh3 Bxb5 64. a4 Bc4 65. Kg3 Ke3 66. Kh4 d2 0-1

[Event "XIII Weekend A"]
[Site "Ivrea ITA"]
[Date "2008.03.16"]
[Round "5"]
[White "Mazzeschi, Marco"]
[Black "Giunto, Andrea"]
[Result "0-1"]
[WhiteElo "1552"]
[BlackElo "1554"]
[PlyCount "128"]
[EventDate "2008.03.14"]

1. e4 c5 2. Nf3 d6 3. d4 cxd4 4. Nxd4 Nf6 5. Nc3 g6 6. Bb5+ Bd7 7. Qd3 Bg7 8.
Bxd7+ Qxd7 9. Qb5 Nc6 10. Nf3 O-O 11. O-O Ng4 12. Bd2 Nge5 13. Nxe5 Nxe5 14.
Qxd7 Nxd7 15. Nd5 e6 16. Ne3 Nc5 17. f3 Bxb2 18. Rab1 Bd4 19. Rb4 Bf6 20. Ng4
Be7 21. Be3 b6 22. Rd1 Rfd8 23. Rbd4 h5 24. Nf2 Rac8 25. Nd3 Bf6 26. Rc4 Nxd3
27. Rxc8 Rxc8 28. cxd3 Rc2 29. Rd2 Rxd2 30. Bxd2 Bd4+ 31. Kf1 f5 32. Bb4 Bc5
33. Bc3 e5 34. h3 Kf7 35. Ke2 Ke6 36. Kd2 f4 37. Kc2 d5 38. Be1 g5 39. Kc3 h4
40. Kb3 a6 41. Ka4 Kd6 42. Bd2 Kc6 43. Bc3 Bd6 44. Be1 dxe4 45. dxe4 a5 46. Kb3
Bc7 47. Bd2 b5 48. Bc1 Bd6 49. Bb2 Kc5 50. Ba3+ b4 51. Bb2 Kb5 52. Bc1 a4+ 53.
Kc2 Kc4 54. Bb2 b3+ 55. axb3+ axb3+ 56. Kd2 Bb4+ 57. Kc1 Bc3 58. Ba3 Kd3 59.
Be7 b2+ 60. Kb1 Ke2 61. Bxg5 Kf2 62. Bxh4+ Kxg2 63. Be7 Kxh3 64. Ba3 Kg3 0-1

[Event "XIII Weekend A"]
[Site "Ivrea ITA"]
[Date "2008.03.16"]
[Round "5"]
[White "Raviola, Piergiorgio"]
[Black "Bogatto, Mario"]
[Result "1-0"]
[WhiteElo "1508"]
[BlackElo "1519"]
[PlyCount "47"]
[EventDate "2008.03.14"]

1. e4 d6 2. d4 Nf6 3. Nc3 g6 4. Nf3 Bg7 5. Be2 a6 6. O-O O-O 7. Bf4 Bg4 8. h3
Bd7 9. Qd2 Re8 10. Rfe1 c6 11. Bc4 b5 12. Bd3 a5 13. e5 dxe5 14. dxe5 Nd5 15.
Nxd5 cxd5 16. c3 e6 17. Bg5 Qc7 18. Bf6 Na6 19. Qg5 Nc5 20. Bc2 Qb7 21. Bxg7
Ne4 22. Bxe4 dxe4 23. Qf6 exf3 24. Bh6 1-0

[Event "XIII Weekend A"]
[Site "Ivrea ITA"]
[Date "2008.03.16"]
[Round "5"]
[White "Razzano, Lorenzo"]
[Black "Marguerettaz, Davy"]
[Result "0-1"]
[WhiteElo "1895"]
[BlackElo "1978"]
[PlyCount "52"]
[EventDate "2008.03.14"]

1. e4 e5 2. Nf3 Nc6 3. Bc4 Bc5 4. d3 d6 5. O-O Nf6 6. c3 O-O 7. Bg5 Be6 8. Bb3
Qe7 9. Nbd2 Nd8 10. Bc2 Bg4 11. Qe1 Ne6 12. Be3 Bb6 13. a4 c6 14. a5 Bc7 15. h3
Bh5 16. Nh4 Bg6 17. Nxg6 fxg6 18. d4 Nh5 19. dxe5 dxe5 20. g3 Nef4 21. Bxf4
exf4 22. g4 f3 23. e5 Qh4 24. Be4 Qxh3 25. Nxf3 Qxg4+ 26. Kh2 Nf4 0-1

[Event "XIII Weekend A"]
[Site "Ivrea ITA"]
[Date "2008.03.16"]
[Round "5"]
[White "Scarrone, Alberto"]
[Black "Zunino, Davide"]
[Result "1/2-1/2"]
[WhiteElo "1784"]
[BlackElo "1969"]
[PlyCount "52"]
[EventDate "2008.03.14"]

1. d4 Nf6 2. c4 e5 3. dxe5 Ng4 4. Bf4 Bb4+ 5. Nc3 Bxc3+ 6. bxc3 Nc6 7. Nf3 Qe7
8. Qd5 f6 9. exf6 Nxf6 10. Qd3 d6 11. g3 O-O 12. Bg2 Bg4 13. O-O Rae8 14. Rab1
b6 15. Rfe1 Kh8 16. Nd4 Ne5 17. Bxe5 dxe5 18. Nc6 Qf7 19. Nxa7 e4 20. Qe3 Qxc4
21. Nb5 Bh5 22. Rb4 Qf7 23. Qf4 Ng4 24. Qg5 Re5 25. Qc1 Nxf2 26. Qb2 Qd7
1/2-1/2

[Event "XIII Weekend A"]
[Site "Ivrea ITA"]
[Date "2008.03.16"]
[Round "5"]
[White "Sorcinelli, Francesco"]
[Black "Ranieri, Fabrizio"]
[Result "1/2-1/2"]
[WhiteElo "2119"]
[BlackElo "2238"]
[PlyCount "88"]
[EventDate "2008.03.14"]

1. Nf3 e6 2. g3 d5 3. c4 Nf6 4. Bg2 Be7 5. O-O O-O 6. b3 c5 7. Bb2 Nc6 8. e3 b6
9. cxd5 Nxd5 10. Nc3 Ba6 11. Nxd5 exd5 12. Re1 Nb4 13. d4 Nd3 14. Re2 Nxb2 15.
Rxb2 Bf6 16. Rc2 c4 17. Ne5 Re8 18. bxc4 Bxe5 19. dxe5 Bxc4 20. f4 b5 21. Rd2
Qb6 22. Rd4 a5 23. Qd2 Rad8 24. Rd1 h6 25. Kh1 Rc8 26. Bxd5 Bxd5+ 27. Rxd5 Rc4
28. Rd7 Rec8 29. Qd5 Qg6 30. Qf3 Rc2 31. f5 Qc6 32. Rd8+ Kh7 33. Qxc6 R8xc6 34.
R8d7 Rxa2 35. Rxf7 Rcc2 36. e6 Rxh2+ 37. Kg1 Rhg2+ 38. Kh1 Rxg3 39. Rdd7 Ra4
40. Kh2 Rg5 41. Kh3 Ra3 42. Rd8 Rxe3+ 43. Kh2 Re2+ 44. Kh3 Re3+ 1/2-1/2

[Event "XIII Weekend A"]
[Site "Ivrea ITA"]
[Date "2008.03.16"]
[Round "5"]
[White "Termini, Luigi Robert"]
[Black "Di Chiara, Mauro"]
[Result "0-1"]
[WhiteElo "1459"]
[BlackElo "1812"]
[PlyCount "68"]
[EventDate "2008.03.14"]

1. c4 d6 2. Nc3 f5 3. d4 Nf6 4. Nf3 g6 5. Bd2 Bg7 6. Qc2 O-O 7. e3 c6 8. Bd3
Na6 9. a3 Qe8 10. O-O e5 11. dxe5 dxe5 12. e4 Nc5 13. Ng5 h6 14. exf5 hxg5 15.
fxg6 Nxd3 16. Qxd3 e4 17. Qg3 Qxg6 18. Bxg5 Nh5 19. Qe3 Be6 20. c5 Bd5 21. Rad1
Rf5 22. Be7 Bh6 23. Qd4 Nf4 24. g3 Bg7 25. Qe3 Nh3+ 26. Kh1 Rf3 27. Qe2 Bxc3
28. bxc3 Qf7 29. Rxd5 cxd5 30. Bh4 e3 31. g4 Rf8 32. Bg3 Nxf2+ 33. Kg2 Qh7 34.
Be5 Qh3+ 0-1

[Event "XIII Weekend A"]
[Site "Ivrea ITA"]
[Date "2008.03.16"]
[Round "5"]
[White "Tricerri, Pierino"]
[Black "Santia', Andrea"]
[Result "0-1"]
[WhiteElo "1512"]
[BlackElo "1467"]
[PlyCount "71"]
[EventDate "2008.03.14"]

1. d4 d5 2. c4 e6 3. Nc3 c5 4. Bf4 Nf6 5. cxd5 exd5 6. Bg5 Be7 7. b3 Qa5 8. Bd2
Qc7 9. e3 Nc6 10. Bd3 cxd4 11. exd4 Nxd4 12. Rc1 Qe5+ 13. Nge2 O-O 14. O-O Bc5
15. Bf4 Nxe2+ 16. Nxe2 Qe7 17. Qc2 Bd6 18. Rfe1 Bxf4 19. Nxf4 Qd6 20. Qc7 Qa3
21. Rc2 Qb4 22. Rec1 g6 23. Qe5 Ng4 24. Qc7 Qd4 25. Qc5 Qxf4 26. Qxd5 Qxh2+ 27.
Kf1 Qh1+ 28. Ke2 Re8+ 29. Kf3 Qh4 30. g3 Qf6+ 31. Kg2 Rd8 32. Qe4 Rb8 33. Qc4
Ne5 34. Qb5 Qf3+ 35. Kg1 Nxd3 36. Qg5 0-1

[Event "XIII Weekend A"]
[Site "Ivrea ITA"]
[Date "2008.03.16"]
[Round "5"]
[White "Vigliocco, Davide"]
[Black "Bellafiore, Enzo"]
[Result "0-1"]
[WhiteElo "1500"]
[BlackElo "1631"]
[PlyCount "113"]
[EventDate "2008.03.14"]

1. e4 c5 2. b4 e5 3. Bc4 Nf6 4. Nf3 Nxe4 5. Nc3 Nf6 6. Nxe5 d5 7. Bb3 Bd6 8.
Nf3 Qe7+ 9. Ne2 O-O 10. bxc5 Bxc5 11. d4 Bd6 12. O-O Bg4 13. Nf4 Qc7 14. g3 Qc3
15. Be3 Bxf4 16. gxf4 Nc6 17. Kg2 Ne7 18. h3 Bh5 19. Rg1 Nf5 20. Qd3 Qxd3 21.
cxd3 Rfe8 22. Ne5 Rac8 23. Rac1 Nd6 24. Rc5 b6 25. Rc6 Rxc6 26. Nxc6 Be2 27.
Ne5 Rc8 28. Rc1 Rxc1 29. Bxc1 Nb5 30. Be3 Nc3 31. Bd2 Nb5 32. Be3 Kf8 33. f3
Nh5 34. Kf2 f6 35. Kxe2 fxe5 36. fxe5 h6 37. Bxd5 Nc3+ 38. Kf2 Nxd5 39. Bd2 g5
40. a3 Ng7 41. Bb4+ Nxb4 42. axb4 Ke7 43. Ke3 Ke6 44. Ke4 a5 45. d5+ Kd7 46.
bxa5 bxa5 47. Kd4 a4 48. Kc3 a3 49. Kb3 a2 50. Kxa2 Nf5 51. Kb3 Nd4+ 52. Kc4
Nxf3 53. d4 h5 54. Kc5 g4 55. d6 gxh3 56. Kd5 Nxd4 57. Kxd4 0-1

[Event "Open Accademia A U16"]
[Site "Milano ITA"]
[Date "2008.01.13"]
[Round "4"]
[White "Azzolin, Lorenzo"]
[Black "Largo, Jacopo"]
[Result "1/2-1/2"]
[WhiteElo "1638"]
[BlackElo "1500"]
[PlyCount "60"]
[EventDate "2008.01.12"]

1. e4 c5 2. Nf3 d6 3. d4 cxd4 4. Nxd4 Nf6 5. Nc3 g6 6. Be3 Bg7 7. f3 O-O 8. Qd2
Re8 9. Bc4 Nc6 10. O-O-O Bd7 11. Bb3 Rc8 12. Kb1 a6 13. g4 b5 14. h4 b4 15.
Nxc6 Rxc6 16. Nd5 Nxd5 17. Bxd5 Rc8 18. Bh6 Bh8 19. Qf4 e6 20. Bb3 Be5 21. Qd2
Qf6 22. f4 Bxb2 23. e5 dxe5 24. Kxb2 exf4+ 25. Kb1 Bc6 26. Bg5 Qc3 27. Qxc3
bxc3 28. Rhf1 f3 29. Bf6 Bb7 30. Rf2 e5 1/2-1/2

[Event "I Torneo Internazionale di Pasqua"]
[Site "Bologna ITA"]
[Date "2008.03.20"]
[Round "1"]
[White "Gilevych, Artem"]
[Black "Berzinsh, Roland"]
[Result "0-1"]
[WhiteElo "2069"]
[BlackElo "2417"]
[PlyCount "76"]
[EventDate "2008.03.20"]

1. d4 Nf6 2. Nf3 e6 3. c4 b6 4. a3 Ba6 5. Qc2 Be7 6. Nc3 c5 7. dxc5 bxc5 8. Bf4
Bb7 9. e3 O-O 10. Be2 Qb6 11. O-O h6 12. h3 Rd8 13. Rab1 a5 14. Rfd1 d6 15. Rd2
Na6 16. Rbd1 Nc7 17. Bh2 Nce8 18. Bf4 Bc6 19. e4 Qb7 20. e5 Ne4 21. Nxe4 Bxe4
22. Qc3 d5 23. Ne1 Kh8 24. Bf3 f5 25. exf6 Bxf6 26. Qe3 Bd4 27. Qe2 Nf6 28.
cxd5 exd5 29. Be3 Bxe3 30. Qxe3 d4 31. Bxe4 Nxe4 32. Qf3 Rf8 33. Qh5 Nxd2 34.
Rxd2 c4 35. Qc5 c3 36. bxc3 Qb1 37. Kf1 Rfe8 38. Re2 d3 0-1

[Event "I Torneo Internazionale di Pasqua"]
[Site "Bologna ITA"]
[Date "2008.03.20"]
[Round "1"]
[White "Martinez, Rolly"]
[Black "Scalcione, Michelangelo"]
[Result "1/2-1/2"]
[WhiteElo "2447"]
[BlackElo "2431"]
[PlyCount "30"]
[EventDate "2008.03.20"]

1. c4 c5 2. g3 g6 3. Bg2 Bg7 4. Nc3 Nc6 5. d3 e6 6. Nf3 Nge7 7. O-O O-O 8. Bf4
d6 9. Qd2 Nf5 10. e4 Nfd4 11. Nxd4 Nxd4 12. Ne2 Rb8 13. Nxd4 Bxd4 14. Bh6 Bg7
15. Bxg7 Kxg7 1/2-1/2

[Event "I Torneo Internazionale di Pasqua"]
[Site "Bologna ITA"]
[Date "2008.03.20"]
[Round "1"]
[White "Rombaldoni, Axel"]
[Black "Laketic, Gojko"]
[Result "1/2-1/2"]
[WhiteElo "2394"]
[BlackElo "2443"]
[PlyCount "61"]
[EventDate "2008.03.20"]

1. e4 c5 2. Nf3 a6 3. c3 e6 4. d4 d5 5. exd5 exd5 6. Bd3 Nc6 7. O-O cxd4 8.
Re1+ Be7 9. Nxd4 Nxd4 10. cxd4 Nf6 11. Qe2 Be6 12. f4 g6 13. Nc3 Qd7 14. Qe5
O-O-O 15. Qe2 Bb4 16. Bd2 Bg4 17. Qe5 Qd6 18. h3 Bf5 19. Bxf5+ gxf5 20. Qxf5+
Kb8 21. Nb5 axb5 22. Bxb4 Qxb4 23. Qxf6 Rhe8 24. Kh2 Ka7 25. Rec1 Rd6 26. Qxf7
Re2 27. Rc7 Qxd4 28. Rxb7+ Ka6 29. Rg1 Rg6 30. Rb8 Qxg1+ 31. Kxg1 1/2-1/2